[Event "Wiesbaden op 25th"]
[Site "Wiesbaden"]
[Date "2013.08.23"]
[Round "2"]
[White "Loester, Mario"]
[Black "Siegismund, Florian"]
[Result "1/2-1/2"]
[WhiteElo "1431"]
[BlackElo "1813"]
[PlyCount "139"]
[EventDate "2013.08.22"]
[EventType "swiss"]
[EventRounds "7"]
[EventCountry "GER"]
[SourceTitle "EXT 2014"]
[Source "ChessBase"]
[SourceDate "2013.11.20"]
[SourceVersion "1"]
[SourceVersionDate "2013.11.20"]
[SourceQuality "1"]

1. e4 e6 2. Nf3 d5 3. exd5 exd5 4. d4 Bd6 5. Nc3 c6 6. g3 Nf6 7. Bg2 0-0 8. 0-0 Bg4 9. Qd2 Nbd7 10. Re1 Qb6 11. a3 Rae8 12. Ne2 Ne4 13. Qd1 f5 14. b4 Qc7 15. Qd3 Nb6 16. Nd2 Nc3 17. f3 Nxe2+ 18. Rxe2 Rxe2 19. Qxe2 Bh5 20. Nf1 f4 21. g4 Re8 22. Qf2 Bg6 23. h4 h6 24. h5 Bh7 25. c3 Qe7 26. Bd2 Nc4 27. Re1 Qf7 28. Rxe8+ Qxe8 29. Bc1 Qe7 30. Bh3 b6 31. Nd2 Ne3 32. Nf1 Nc2 33. Kg2 c5 34. Qd2 cxd4 35. cxd4 Qe1 36. Qxe1 Nxe1+ 37. Kh1 Nxf3 38. Bg2 Nxd4 39. Bxd5+ Kf8 40. Nd2 Bg8 41. Bxg8 Kxg8 42. Kg2 Kf7 43. Nf3 Ne6 44. Nh4 Nd4 45. Bb2 Nc2 46. Nf5 Bf8 47. Kf3 g5 48. hxg6+ Kxg6 49. Kxf4 a5 50. bxa5 bxa5 51. a4 Nb4 52. Nh4+ Kf7 53. Kf5 Nd3 54. Bd4 Bg7 55. Bb6 Bc3 56. Be3 Kg7 57. Ke4 Nb2 58. Nf5+ Kg6 59. Bxh6 Nxa4 60. g5 Nc5+ 61. Kf4 Bd2+ 62. Kg4 Ne6 63. Nh4+ Kh7 64. Nf3 Bc3 65. Kf5 Ng7+ 66. Bxg7 Kxg7 67. Ke4 a4 68. Kd3 Bb4 69. Kc2 a3 70. Kb3 1/2-1/2

[Event "Wiesbaden op 25th"]
[Site "Wiesbaden"]
[Date "2013.08.22"]
[Round "1"]
[White "Cichy, Michael"]
[Black "Loester, Mario"]
[Result "1-0"]
[WhiteElo "1992"]
[BlackElo "1431"]
[PlyCount "79"]
[EventDate "2013.08.22"]
[EventType "swiss"]
[EventRounds "7"]
[EventCountry "GER"]
[SourceTitle "EXT 2014"]
[Source "ChessBase"]
[SourceDate "2013.11.20"]
[SourceVersion "1"]
[SourceVersionDate "2013.11.20"]
[SourceQuality "1"]

1. d4 e6 2. Nf3 Nf6 3. c4 c5 4. d5 d6 5. Nc3 a6 6. e4 h6 7. a4 Be7 8. Be2 0-0 9. h3 b6 10. 0-0 Nbd7 11. Be3 Qc7 12. Nd2 e5 13. f4 exf4 14. Bxf4 Nh7 15. Nf3 Bf6 16. Bg3 Re8 17. Qc2 Bb7 18. Rad1 Rad8 19. Kh1 Re7 20. e5 Bxe5 21. Nxe5 Nxe5 22. Rf2 f6 23. Qd2 Rde8 24. Rdf1 Ng5 25. b3 Qd7 26. h4 Nh7 27. Bh5 Nf7 28. Qf4 Rd8 29. Bxf7+ Rxf7 30. Ne4 Re7 31. Nxd6 g5 32. Qf5 Qxf5 33. Nxf5 Ree8 34. Nxh6+ Kg7 35. hxg5 Nxg5 36. Nf5+ Kg6 37. Nh4+ Kh5 38. Rxf6 Ne4 39. R1f5+ Kg4 40. Rg6+ 1-0